000 00619nam a2200241Ia 4500
003 OSt
005 20220918203407.0
006 a|||||r|||| 00| 0
007 ta
008 220917b |||||||| |||| 00| 0 eng d
024 _a108,001
037 _cTextual
040 _aARTS
_cARTS
_beng
041 _2eng
_aeng
082 _aV4498:45.N9, M6
100 _aWijesinha R
_9108353
245 0 _aCurrent crisis in Sri Lanka
260 _aNew Delhi
_bNavrand
_c1986
300 _a133p.
_ccm.
650 _aHISTORY
942 _hV4498:45.N9, M6
_cTEXL
_2CC
999 _c231356
_d231356